000 00474cam a2200193ua 4500
001 7024
008 141119n ii |||gr||||Z||||||eng
020 _a9780195668339
040 _cMAIN
041 _aeng
082 _a324
100 _aHasan, Zoya,
_eEditor.
245 1 _aParties and party politics in India
_cEdited by Zoya Hasan
250 _a1st.
260 _aNew Delhi:
_bOxford,
_c2012.
300 _axvi,566p.
653 _aIndian political parties
942 _cBK
999 _c6164
_d6164